000 00346nam a2200157Ia 4500
003 OSt
008 191201s2013 xx 000 0 und d
082 _a621.381
_bMAV
100 _aMANHAS, Pratima
245 0 _aVLSI Design
250 _aRep
260 _aNew Delhi
_bS.K.Kataria
_c2013
300 _a462
650 _aB.Tech(ECE)
942 _2ddc
_cBK
999 _c103
_d103